[Event "Tbilisi FIDE World Cup"]
[Site "chess24.com"]
[Date "2017.09.07"]
[Round "11.12"]
[White "Dubov, Daniil"]
[Black "Karjakin, Sergey"]
[Result "1-0"]
[WhiteElo "2666"]
[BlackElo "2780"]
[Annotator "Matthias Krallmann"]
[PlyCount "61"]
[EventDate "2017.??.??"]
[WhiteTeam "Russland"]
[BlackTeam "Russland"]
[WhiteTeamCountry "RUS"]
[BlackTeamCountry "RUS"]
[WhiteClock "0:26:38"]
[BlackClock "0:07:54"]

1. c4 Nf6 2. Nc3 e5 3. Nf3 Nc6 4. g3 d5 5. cxd5 Nxd5 6. Bg2 Bc5 7. O-O O-O 8.
d3 Bb6 9. Nxd5 Qxd5 10. b4 e4 11. Ng5 Qd4 {[#]} 12. Ba3 $1 $146 (12. Be3 Qxb4
13. Nxe4 Bxe3 (13... Bg4 14. h3 Bh5 15. Rb1 Qe7 16. Qd2 $14 {1/2-1/2 (34)
Nakamura,H (2792)-Karjakin,S (2773) Saint Louis 2017}) 14. fxe3 Qe7 $11 {
1-0 (53) Nakamura,H (2792)-Karjakin,S (2773) Saint Louis Blitz 2017}) 12... e3
(12... Qc3 13. b5 Qxa3 14. bxc6 bxc6 15. Nxe4 $14) 13. b5 exf2+ 14. Kh1 Ne5 15.
Bxf8 Kxf8 16. a4 {[#]} a5 $6 (16... Qe3 17. Ne4 Ng4 18. Qd2 Qxd2 19. Nxd2 Ne3
20. Rxf2 a6 (20... Nc2 21. Rc1 Bxf2 22. Rxc2 Be3 23. Nc4 Bd4 24. Na5 $14) 21.
bxa6 Rxa6 22. Rf3 Bd4 23. Rc1 Rxa4 $11) 17. bxa6 Rxa6 18. a5 Ba7 (18... Rxa5
19. Rxa5 Bxa5 20. Qc1 Bb6 21. Qa3+ Ke8 22. Nxh7 Bg4 23. Qf8+ Kd7 $13) 19. Qc1
Qd8 20. Qf4 h6 21. Ne4 Qe7 {[#]} 22. Nc3 $1 g5 (22... c6 23. Ne4 Ng4 24. d4 g5
25. Qd2 Bf5 26. Nxf2 Ne3 27. Rfc1 $16) 23. Qc1 Ng4 $2 {[#]} (23... c6 24. Nd5
Qd8 25. Nb6 $16) 24. Nd5 $18 Qxe2 25. Qxc7 Rc6 (25... Be6 26. Qxb7 Nxh2 27.
Qxa6 $2 (27. Qb4+ Kg7 28. Qc3+ Kg8 29. Nf6+ $18) 27... Nxf1 $19) 26. Qd8+ Qe8
27. Qxe8+ Kxe8 {[#]} 28. d4 (28. Nb6 Rc2 29. Nxc8 Rxc8 30. Rab1 Rc5 31. a6 bxa6
32. Rb7 $18) 28... Kd8 (28... Bxd4 29. Ra4 Ba7 30. Nb6 Bf5 31. Be4 Be6 32.
Bxc6+ bxc6 33. Re4 $18) 29. h3 Nf6 30. Nb6 Rc2 31. Nxc8 1-0

[Event "Tbilisi FIDE World Cup"]
[Site "chess24.com"]
[Date "2017.09.10"]
[Round "19.12"]
[White "Dubov, Daniil"]
[Black "Artemiev, Vladislav"]
[Result "1-0"]
[WhiteElo "2666"]
[BlackElo "2692"]
[Annotator "Matthias Krallmann"]
[PlyCount "81"]
[EventDate "2017.??.??"]
[WhiteTeam "Russland"]
[BlackTeam "Russland"]
[WhiteTeamCountry "RUS"]
[BlackTeamCountry "RUS"]
[WhiteClock "1:34:28"]
[BlackClock "0:31:19"]

1. e4 c5 2. Nf3 d6 3. d4 cxd4 4. Nxd4 Nf6 5. Nc3 a6 6. Bg5 e6 7. f4 h6 8. Bh4
Be7 9. Qf3 Nbd7 10. O-O-O g5 11. fxg5 hxg5 12. Bg3 Qc7 {[#]} 13. Bb5 $5 $146 {
Ein Läuferopfer auf b5 ist kein neues Motiv in der Najdorf-Variante.
Besonders ist hier, dass kein Bauer auf b5 geschlagen wird. So erhält der
Weiße nur zwei Bauern für die geopferte Figur.} (13. Bd3 Ne5 14. Qe2 Nh5 15.
Nf3 Nxg3 16. hxg3 Rxh1 17. Rxh1 Bf6 18. Rh5 Bd7 19. Nxe5 Bxe5 20. Rxg5 Ke7 21.
Nd1 Qa5 22. Kb1 Rh8 23. Rh5 Rxh5 24. Qxh5 Qe1 25. Qg5+ Kf8 26. Qh6+ Ke8 27. Qh5
Bc6 28. Qg4 Qd2 29. Be2 Ba4 30. b3 Bc6 31. Qg8+ Ke7 32. Bh5 Bxe4 33. Qc8 Bg6
34. Qxb7+ Kf8 35. Qc8+ Kg7 36. Bf3 Qd4 37. Kc1 Qa1+ 38. Kd2 Qxa2 39. Ne3 Bxg3
40. Qc4 Be5 41. Be2 Qa1 42. Ng4 d5 {0-1 (42) Sukandar,I (2366)-Wirig,A (2510)
Biel 2011}) 13... g4 (13... axb5 14. Ndxb5 Qc5 15. Bxd6 Bxd6 16. Nxd6+ Kf8 17.
Rhf1 Rh6 18. Kb1 $44) 14. Qe2 (14. Bxd7+ Bxd7 15. Qe2 e5 16. Nf5 Bxf5 17. exf5
Rc8 $11 {Solch eine ruhige Stellung ist nicht in Daniils Interesse. Er lässt
die Figur auf b5 so lange einstehen, bis sein Gegner sie letztendlich doch
schlägt.}) 14... e5 (14... axb5 15. Ndxb5 Qc5 16. Nxd6+ Kf8 17. e5 Bxd6 18.
Rxd6 Nh5 19. Re1 $44) 15. Nf5 axb5 16. Nxb5 Qc6 17. Nbxd6+ Bxd6 18. Nxd6+ Kf8
19. a3 Ne8 20. Nf5 Ra4 21. Be1 Ndf6 22. Ng3 Nxe4 23. Rd8 Be6 $6 (23... f6 24.
Rxc8 Qxc8 25. Nxe4 Qc4 $17) 24. Bb4+ Rxb4 25. axb4 Nxg3 26. Qxe5 Ke7 27. Rhd1
Rxh2 28. b5 {[#]} Ne2+ $2 (28... Qc4 29. Qxg3 Rh5 30. b3 Qxb5 $17) 29. Kb1 Qc4
$2 {[#] Schwarz droht matt mittels Da2, aber Weiß hat hier eine forcierte
Gewinnkombination.} (29... Qb6 30. Qxh2 Qa5 31. R8d5 Bxd5 32. Qh4+ Ke6 33.
Qxg4+ Kf6 34. Qh4+ Ke5 35. Qh5+ f5 36. Qxe2+ Be4 37. g4 $16) 30. Rxe8+ $18 Kxe8
31. Qb8+ Bc8 (31... Ke7 $4 32. Qd8#) 32. Qxh2 Nc3+ (32... f6 33. Qh8+ Ke7 34.
Rd8 Nc3+ 35. bxc3 Qxb5+ 36. Kc1 $18) 33. bxc3 Qxb5+ 34. Kc1 Qg5+ 35. Rd2 Qa5
36. Rd4 Qg5+ 37. Kd1 Qf6 38. Qc7 Qf1+ 39. Kd2 Qxg2+ 40. Kc1 Qf1+ 41. Rd1 1-0

[Event "Tbilisi FIDE World Cup"]
[Site "chess24.com"]
[Date "2017.09.12"]
[Round "26.5"]
[White "Dubov, Daniil"]
[Black "Aronian, Levon"]
[Result "1/2-1/2"]
[WhiteElo "2666"]
[BlackElo "2802"]
[Annotator "Matthias Krallmann"]
[PlyCount "71"]
[EventDate "2017.??.??"]
[WhiteTeam "Russland"]
[BlackTeam "Armenien"]
[WhiteTeamCountry "RUS"]
[BlackTeamCountry "ARM"]
[WhiteClock "0:15:40"]
[BlackClock "0:23:23"]

1. Nf3 d5 2. g3 Nf6 3. Bg2 e6 4. O-O Be7 5. c4 O-O 6. d4 dxc4 7. Qc2 a6 8. a4
Bd7 9. Bg5 Bc6 10. Rd1 a5 11. Na3 $146 (11. e3 Na6 12. Qxc4 Nd7 13. Bxe7 Qxe7
14. Nc3 Bxf3 15. Bxf3 c6 16. Na2 Nb6 17. Qc3 Nb8 18. Nc1 Nd5 19. Qc4 Nb6 20.
Qb3 Nd5 21. Nd3 Na6 22. Ne5 Nab4 23. Rac1 Nb6 24. Rc3 Rfd8 25. Rdc1 g6 26. h4
h5 27. Kg2 Kg7 28. Be4 N6d5 29. Rc4 Nb6 30. Rc5 Nd7 31. Nxd7 Rxd7 32. Bf3 {
1/2-1/2 (32) Tomashevsky,E (2710)-Leko,P (2728) Saratov 2011}) 11... Na6 12.
Nxc4 Nb4 13. Qc1 h6 14. Bxf6 Bxf6 15. Nfe5 Bd5 16. Qc3 b6 17. e4 Bb7 18. Ng4
Be7 19. Qb3 Qe8 20. d5 (20. Nge3 Rd8 21. Rd2 Nc6 22. Nc2 Nb4 $11) 20... Bc5 21.
d6 Qd8 22. e5 (22. d7 Nc6 23. e5 h5 24. Nge3 Nd4 25. Rxd4 Bxg2 26. Rh4 Bb7 27.
Rd1 Qg5 $17) 22... Bxg2 23. Kxg2 h5 24. Nge3 cxd6 {[#]} 25. Nxd6 (25. exd6 Ra7
26. Nc2 Qf6 27. Rd2 Rd7 28. Nxb4 Bxb4 29. Re2 Rfd8 30. Rd1 h4 $11) 25... Bxe3
26. Qxe3 Nc2 27. Qf3 Nxa1 28. Qxh5 {[#]} f6 (28... Qc7 29. Rxa1 Qc6+ 30. Kg1
Rad8 31. Re1 f6 32. Qg4 Qd5 33. exf6 Rxf6 34. Ne4 Rff8 35. h4 Qf5 $17) 29. Rxa1
fxe5 30. Qxe5 Qf6 31. Qe3 Rad8 32. Rd1 Qe7 33. Qxb6 Rb8 34. Qc6 {[#]} Qf6 $2 (
34... Rxb2 35. Ne4 Qf7 36. Kg1 Re2 37. Rf1 Qf5 38. Nd6 Qc2 $19) 35. Rd2 Rxb2
36. Ne8 1/2-1/2

[Event "Tbilisi FIDE World Cup"]
[Site "chess24.com"]
[Date "2017.09.13"]
[Round "27.5"]
[White "Aronian, Levon"]
[Black "Dubov, Daniil"]
[Result "1-0"]
[WhiteElo "2802"]
[BlackElo "2666"]
[Annotator "Matthias Krallmann"]
[PlyCount "193"]
[EventDate "2017.??.??"]
[WhiteTeam "Armenien"]
[BlackTeam "Russland"]
[WhiteTeamCountry "ARM"]
[BlackTeamCountry "RUS"]
[WhiteClock "0:01:48"]
[BlackClock "0:26:48"]

1. d4 Nf6 2. c4 g6 3. Nf3 Bg7 4. Nc3 d5 5. cxd5 Nxd5 6. e4 Nxc3 7. bxc3 c5 8.
Be3 O-O 9. Be2 b6 10. Qd2 cxd4 11. cxd4 Bb7 12. e5 Nc6 13. h4 Qd5 14. h5 Rfd8
15. Rc1 Qa5 16. h6 Bf8 17. e6 f6 18. O-O Qxd2 19. Bxd2 Nxd4 20. Nxd4 Rxd4 21.
Be3 Rdd8 22. Bb5 Bd5 23. Bd7 {[#]} g5 $6 (23... Bxa2 24. Ra1 Bc4 25. Rfc1 b5
26. Ra5 a6 27. f3 g5 28. Bc5 $44) 24. f4 Bxh6 25. fxg5 Bg7 (25... fxg5 26. Rf7
Bg7 27. Bxg5 Bd4+ 28. Kh1 Kh8 $11) 26. Bd4 fxg5 27. Bxg7 Kxg7 28. Rf7+ Kg6 29.
Rxe7 Rf8 30. Re1 Bxa2 (30... a6 31. Ba4 Rac8 32. Ra7 b5 33. e7 Rfe8 34. Rxa6+
Kf7 35. Bxb5 Rxe7 36. Rf1+ Kg8 37. Rf5 $16) 31. Bb5 $16 a6 32. Bd3+ Kf6 33.
Rxh7 b5 34. Rh6+ Ke7 35. Rh7+ Kf6 36. e7 Rg8 37. Rh6+ Kf7 38. Rh7+ Kf6 39. Be4
Rae8 40. Rh6+ Kf7 41. Bc6 Bc4 42. Bxe8+ Rxe8 43. Rxa6 Rxe7 44. Rxe7+ Kxe7 45.
Kf2 Kf7 46. Rb6 Be6 47. Rxb5 Kf6 48. Kf3 Bf5 49. Rc5 Bd3 50. Ke3 Bf5 51. Kd4
Bb1 52. Rc1 Bg6 53. Rc6+ Kg7 54. Ke5 Bb1 55. Ra6 Bc2 56. Rd6 Kf7 57. Rf6+ Kg7
58. Rf2 Bb1 59. Rb2 Bd3 60. Rd2 Bb1 61. Ke6 Be4 62. Re2 Bd3 63. Rd2 Be4 64. Ke5
Bb1 65. Rd4 Kf7 66. Ra4 Bc2 67. Ra5 Bb1 68. Rc5 Kg6 69. Rc1 Bd3 70. Rd1 Bc2 71.
Rd2 Bb1 72. Ke6 Be4 73. g3 Bb1 74. Rb2 Bd3 75. Ke7 Be4 76. Rb6+ Kg7 77. Rb5 Kg6
78. Rb4 Bc2 79. Kf8 Kf6 80. Kg8 Bd3 81. Rd4 Bc2 82. Rd2 Bb1 83. Rf2+ Kg6 84.
Rb2 Bd3 85. Rb6+ Kf5 86. Rb4 Kf6 87. Rd4 Bc2 88. Rd2 Bb1 89. Rf2+ Kg6 90. g4
Be4 91. Rd2 Kf6 {[#]} 92. Rb2 $2 (92. Re2 Bd3 93. Rb2 Be4 94. Rb5 Bc2 95. Rb4
Bd3 96. Rb6+ Ke5 97. Kg7 Kf4 (97... Be2 98. Rb4 Bd3 99. Kh6 Kf6 100. Rb6+) 98.
Rb4+ Ke5 99. Kh6 Kf6 100. Rb6+) 92... Bd3 $2 (92... Ke5 93. Rf2 (93. Rb4 Kf4
94. Kg7 Kxg4 95. Rxe4+ Kf3 $11) 93... Kd4 94. Kg7 Ke3 $11) 93. Rb6+ Ke5 94. Kg7
Kf4 95. Rb4+ Be4 {[#]} 96. Rxe4+ Kxe4 97. Kg6 1-0

[Event "Werder VM"]
[Site "?"]
[Date "2018.??.??"]
[Round "?"]
[White "Heinemann"]
[Black "Künitz"]
[Result "0-1"]
[WhiteElo "1928"]
[BlackElo "1830"]
[PlyCount "92"]
[EventDate "2018.??.??"]

1. e4 e6 2. Nc3 d5 3. f3 Nc6 4. Nh3 d4 5. Nb1 e5 6. g3 Nf6 7. d3 h6 8. Bg2 Be6
9. O-O Qd7 10. Nf2 g5 11. c4 Ne7 12. b4 Ng6 13. a3 c5 14. bxc5 Bxc5 15. Nd2 b6
16. Nb3 Rc8 17. Bd2 O-O 18. a4 Be7 19. Qc1 Ne8 20. f4 gxf4 21. gxf4 Nxf4 22.
Bxf4 exf4 23. Qxf4 Bg5 24. Qe5 Be3 25. Kh1 Kh7 26. Rae1 Rg8 27. a5 Rg5 28. Qxg5
Bxg5 29. axb6 axb6 30. e5 Be3 31. Nd1 b5 32. Nxe3 dxe3 33. Rxe3 bxc4 34. Be4+
Kh8 35. Nd2 Bd5 36. dxc4 Bxe4+ 37. Nxe4 Rxc4 38. Nf2 Ng7 39. Rh3 Qc6+ 40. Kg1
Rc1 41. Rxc1 Qxc1+ 42. Kg2 Nf5 43. Ng4 Qg5 44. Kf3 Nd4+ 45. Kg3 h5 46. Rh4 Nf5+
0-1

[Event "IBCA Oly Ohrid"]
[Site "?"]
[Date "2017.06.28"]
[Round "9"]
[White "Tazbir, Marcin"]
[Black "Mueller, Oliver"]
[Result "1/2-1/2"]
[WhiteElo "2514"]
[BlackElo "2271"]
[Annotator "Oliver Müller"]
[PlyCount "89"]
[EventDate "2017.06.19"]

{Es war die letzte Runde, und wir wollten unbedingt gegen Polen gewinnen und
damit die absolut unnötige Niederlage von 2016 wieder ausbügeln. Der Plan war,
an den ersten beeiden Brettern remis zu halten und hinten die Punkte zu holen,
was nach der Setzliste auch durchaus möglich war. Ich hatte es nun zum dritten
mal mit dem jungen GM Marcin Tazbir zu tun, der übrigens schon einige Jahre
bei Griesheim in der Bundesliga gespielt hat und ganz passabel Deutsch spricht.
In unseren beiden vorherigen Begegnungen bot mir der GM noch vor dem 40. Zug
remis an, und ich war fest entschlossen, ihm auch dieses mal eine
entsprechende Formulierung seinem Munde entlocken zu können...} 1. e4 c5 2. Ne2
Nc6 3. d4 cxd4 4. Nxd4 Nf6 5. Nc3 d6 6. Bg5 e6 7. Qd2 Qb6 {Diagramm [#] Eine
Nebenvariante, um den Gegner aus einer eventuellen Vorbereitung zu bringen.
Die Idee ist, den Springer von d4 zu vertreiben oder auf diesem Feld einige
Figuren zu tauschen, um die weißen Möglichkeiten für einen Königsangriff zu
reduzieren und der Stellung einen endspielähnlichen Charakter zu geben. Eine
Nebenvariante, um den Gegner aus einer eventuellen Vorbereitung zu bringen..
Entweder zieht Wei0 den Springer von d4 weg oder lässt einen mehrfachen
Abtausch auf d4 zu,wodurch das Spiel schon früh einen endspielhaften Charakter
erhält. Gegen einen Großmeister bin ich solchen Vereinfachungen nicht
abgeneigt, zumal in unserer Mannschaft diesmal die hinteren Bretter für die
vollen Punkte zuständig waren!} 8. O-O-O Nxd4 9. Qxd4 Qxd4 10. Rxd4 a6 11. f3
Bd7 12. Be2 Bc6 13. Rhd1 Be7 14. Kb1 Rd8 15. Bc4 h6 16. Be3 (16. Bxf6 Bxf6 17.
Rxd6 Rxd6 18. Rxd6 Be5 19. Rd1 Bxh2) (16. Bh4 Nxe4 17. Nxe4 Bxh4 18. Nxd6+ Ke7
19. Rxh4 Rxd6) 16... b5 17. Bb3 Nd7 18. Bf2 Nc5 $6 {Der Plan, den Beuern d6
von b7 aus zu decken, erweist sich als nicht so gut, da der Springer dort
passiv steht und dem Läufer das Rückzugsfeld b7 nimmt. Mit dem Plan, den
Bauern d6 von b7 aus zu verteidigen. Doch erweist sich dies als unpraktisch.
Stattdessen kann Schwarz hier einfach rochieren und auf Lg3 seinen Springer
nach e5 stellen, mit annähernd ausgeglichenem Spiel.} ({Besser ist} 18... O-O
19. Bg3 Ne5) 19. Bg3 Nb7 20. a4 O-O 21. axb5 axb5 22. Na2 Bd7 {Der Springer
verstellt das deutlich bessere Feld b7 für den Läufer.} 23. Nb4 Rc8 24. c3 Rfd8
25. Ba2 Be8 {Die Konsequenz der schwarzen Figurenaufstellung, der Läufer deckt
zwar b5, steht aber ebenfalls passiv. Weiß wird seine Königsflügelbauern
vorziehen, und Schwarz muss sich überlegen, wo er in der Zwischenzeit
Gegenspiel findet.} 26. h4 Rc5 27. Bf2 Ra8 28. g4 Rcc8 29. Bg3 g5 $2 {Mit der
Idee, den Bauernvorstoß f3-f4-f5 zu verhindern, und im Falle der Öffnung der
h-Linie dort ein Turmpaar zu tauschen und so den Druck gegen d6 zu verringern.
Doch die schwarze Aktivität geschieht auf der falschen Seite. Besser ist es,
in der a-Linie nach Gegenspiel zu suchen, wie folgenden Varianten kurz
ilustrieren. (Wie wir sehen werden, bringt die geöffnete h-Linie dem schwarzen
Heer keine Entlastung, sondern eher noch mehr Schwierigkeiten.) Ich hatte
Bedenken, dass Weiß mit f3-f4-f5 zu starken Druck auf den Punkt e6 ausüben
könnte. Ich wäre dann möglicherweise genötigt, e6-e5 zu spielen und den weién
figuren ohne Gegelnwert das Feld d5 zu überlassen. Außerdem versprach ich mir
von der Linienöffnung Entlastung durch weiteren Abtausch. Eine interessante
und sicher bessere Alternative wäre hier Ta7 gewesen. Dies hatte ich wegen Lf2
wieder verworfen, wobei mir irgendwie entgangen ist, dass nach Ta7-a8 es mein
Gegner ist, der sich einen neuen Plan suchen muss, wenn er auf Gewinn spielen
will.} ({Das schwarze Gegenspiel könnte so aussehen:} 29... Ra7 30. f4 (30. Bf2
Raa8 $11) (30. Bb3 Rca8 31. Kc2 $14) 30... Rca8 31. Bb3 (31. f5 d5 32. exd5
Bxb4 33. cxb4 Rxa2 $17) 31... Ra1+ 32. Kc2 Nc5 $132) 30. hxg5 hxg5 31. R4d2 Kg7
32. Rh2 {Dles ost der entscheidende Moment der Partie. Klar, sieht die
schwarze Stellung nicht sehr vertrauenerweckend aus - dreibungedeckte
Leichtfigungen und eine h-Linie, die schon halb vom gegner besetzt ist und zur
eigenen, aufgelockerten Königsstellung führt. Doch wenn ich jetzt dran wäre,
könnte ich eihnen Turm nach h8 stellen, und alles wäre in Ordnung. Leider
warich nicht dran, und je länger der Großmeister nachdachte, dest mehr stellt
ich mir die Frage, was ich denn auf den weißen Zug e4-e5 so machen würde. Auf
das natürliche und wünschenswerte d6-d5 könnte Weiß nämlich versucht sein, auf
d5 einen Springer zu opfern, z.B.} Bd7 {Diagramm [#] Die kritische Stellung
dieser Partie.} ({Besser ist} 32... Bf8 $142 {mit der Idee, den König erstmal
auf g6 zu parken, wo er durch den Lf8 vor den Türmen geschützt wird und den
Bauern g5 deckt. Auch hier bleibt Weiß im Vorteil.}) 33. Be5+ $2 {Tjaa, auch
Großmeister spielen nicht immer stark.  Meine ganz leise Hoffnung, er würde
sich das Figurenopfer schlicht und ergreifend einfach nicht trauen, obwohl es
gut ist, hatte sich erfüllt.  Naach der Partie erklärte Marcin mir, dass es
das Opfer zwar gesehen und ausgiebig untersucht habe, aber auf Ta7 keinen
klaren Gewinn ausmachen konnte - er hatte die wendung Tdh1! schlicht übersehen.
Das Glück im Schach ist eben immer das Unvermögen des Gegners...} ({Das
Figurenopfer} 33. e5 d5 34. Nxd5 $1 exd5 35. Bxd5 $18 {Diagramm [#] 
(Analysediagramm)  hatte ich wohl gesehen, aber angenommen, dass nach   Nun
folgt auf Lc6 einfach Lxc6 imd Td7, mit Rückgewinn der Figur und zweib
Mehrbauerrn für Weiß. Und auf Tb8 oder Ta7 folgt einfach Tdh1! Dies alles vor
meinem geistigen Auge, kroch ein ganz klein wenig Verzweiflung in mir hoch,
begleitet von einer Menge Ärger über den unnötigen Zug g7-g5, der diesen
Schlamassel erst möglich gemacht hatte. Nach einer Ewigkeit hob Großmeister
Marcin Tazbir die Hand imd zog...} Rab8 {alles in Ordnung ist. Trotzdem wirkt
die schwarze Stellung wenig Vertrauen erweckend, aber ich habe darauf
spekuliert, dass der Großmeister sich das einfach nicht trauen wird. Und wenn
doch, dann hätte er eben besser gerechnet und eingeschätzt als ich und
zumindest seine Spielstärke unter Beweis gestellt. Dies hätte er z.B. mit 26.
Tdh1! tun können. Der schwarze König wird ein Opfer der selbst geöffneten
h-Linie...das hatten wir beide nicht gesehen! Andere Züge helfen Schwarz auch
nicht:} (35... Ra7 36. Rdh1 (36. Bf2 Bc5 37. Bxf7 Rc7 38. e6 Bxf2 39. exd7 $13)
) (35... Bc6 36. Bxc6 Rxc6 37. Rd7) (35... Nc5 36. Bxa8 Rxa8 37. b4) 36. Rdh1
$1 $18) 33... f6 34. Bg3 Rh8 $11 {Puh, geschafft! Das Endspiel sollte Schwarz
gut halten können. Das von mir von Anfang an geplante Ziel der Punkteteilung
ist in greifbare Nähe gerückkt. Geschafft!} 35. Rdh1 Rxh2 36. Rxh2 Rh8 37. Rxh8
Kxh8 38. Nc2 f5 39. Nd4 fxg4 40. fxg4 Nc5 41. e5 dxe5 42. Bxe5+ Kg8 43. Nf3 Bc6
44. Nd4 Bd7 45. Nf3 {Und hhier bot mir Tazbir Remis an. Ungeachtet der
Tatsache, dass wir bereits 1,5:0,5 führten und ich hier dem Remis sowieso
nicht sinnvoll ausweichen kann, hab ich trotzdem höflicherweise den Trainer
unter vorheriger Konstultation des Schiedsrichters über dieses Angebot in
Kenntnis gesetzt, was diese mit einem spontanem und unüberhörbaren "Annehmen!"
quittierte. Damit war der hart erkämpfte 3:1-Sieg gegen Polen perfekt! (Und
die Ukrainer haben sich persönlich bei uns bedankt, weil sie nur dadurch noch
auf dem zweiten Platz vor Polen gelandet sind...)} 1/2-1/2

[Event "29. DSenEM2017-Gruppe-A"]
[Site "?"]
[Date "2017.08.08"]
[Round "?"]
[White "Zimmermann, Manfred"]
[Black "Buchal, Stephan"]
[Result "0-1"]
[WhiteElo "1997"]
[BlackElo "2309"]
[Annotator "Buchal,Stephan"]
[PlyCount "48"]

{90 Minuten / 40 Züge + 30 Min. / Rest + 30 Sek/Zug} 1. d4 g6 2. Nf3 Bg7 3. e4
d6 4. Be3 Nf6 5. Nc3 a6 {89 - 87} 6. Qd2 b5 7. a3 $6 (7. Bh6) (7. Bd3) 7... Bb7
8. Bd3 Nbd7 9. b4 $2 c5 $1 $17 10. d5 (10. Bh6 Bxh6 11. Qxh6 cxd4 12. Nxd4 Qb6
13. Nde2 Qxf2+ 14. Kxf2 Ng4+ 15. Kg3 Nxh6 16. a4 $17) 10... Ng4 $1 {47 - 62}
11. Rb1 Nxe3 12. fxe3 Rc8 13. Nd1 O-O 14. O-O Nb6 15. Qe1 e6 $19 {26 - 37} 16.
dxe6 fxe6 17. Nd2 c4 18. Be2 Rxf1+ 19. Qxf1 c3 20. Nf3 Bxe4 {8 - 26} 21. Bd3
Bb7 22. Nf2 Bxf3 23. gxf3 Qg5+ 24. Kh1 Qxe3 {ZÜ} 0-1

[Event "29. DSenEM 2017 Gruppe A"]
[Site "?"]
[Date "2017.08.07"]
[Round "3.4"]
[White "Buchal, Stephan"]
[Black "Schulz, Michael"]
[Result "1-0"]
[WhiteElo "2309"]
[BlackElo "2181"]
[PlyCount "121"]
[EventDate "2017.??.??"]
[WhiteClock "0:04:20"]
[BlackClock "0:04:10"]

1. Nf3 {[%emt 1:30:17]} g6 {[%emt 1:29:50]} 2. e4 {[%emt 1:29:48]} Bg7 {
[%emt 1:30:14]} 3. d4 {[%emt 1:29:53]} c6 {[%emt 1:28:10]} 4. Bd3 {[%emt 1:29:
23]} d5 {[%emt 1:28:24]} 5. e5 {[%emt 1:28:27]} Nh6 {[%emt 1:27:33]} 6. O-O {
[%emt 1:25:26]} O-O {[%emt 1:24:47]} 7. Re1 {[%emt 1:21:48]} Bg4 {[%emt 1:23:
06]} 8. Nbd2 {[%emt 1:12:19]} c5 {[%emt 1:17:15]} 9. dxc5 {[%emt 1:06:08]} Nd7
{[%emt 1:14:49]} 10. Nb3 {[%emt 0:57:16]} Qc7 {[%emt 1:10:21]} 11. Bf4 {
[%emt 0:45:01]} Nxc5 {[%emt 1:01:52]} 12. Nxc5 {[%emt 0:37:33]} Qxc5 {[%emt 1:
02:14]} 13. h3 {[%emt 0:37:21]} Bxf3 {[%emt 0:37:21]} 14. Qxf3 {[%emt 0:37:45]}
f5 {[%emt 0:37:45]} 15. Be3 {[%emt 0:28:59]} d4 {[%emt 0:35:45]} 16. b4 {
[%emt 0:23:30]} Qxb4 {[%emt 0:27:09]} 17. Qd5+ {[%emt 0:19:36]} Nf7 {[%emt 0:
26:02]} 18. Rab1 {[%emt 0:13:34]} e6 {[%emt 0:19:46]} 19. Qxe6 {[%emt 0:10:15]}
Qc3 {[%emt 0:20:06]} 20. Bf4 {[%emt 0:09:03]} Rac8 {[%emt 0:14:48]} 21. Qb3 {
[%emt 0:14:48]} g5 {[%emt 0:12:15]} 22. Qxc3 {[%emt 0:04:10]} dxc3 {[%emt 0:10:
28]} 23. Bh2 {[%emt 0:01:46]} f4 {[%emt 0:09:56]} 24. e6 {[%emt 0:01:31]} Ne5 {
[%emt 0:04:44]} 25. Bb5 {[%emt 0:01:11]} Rc7 {[%emt 0:01:54]} 26. Re4 {[%emt 0:
01:23]} a6 {[%emt 0:01:23]} 27. Ba4 {[%emt 0:01:37]} b5 {[%emt 0:00:32]} 28.
Bb3 {[%emt 0:02:06]} Re8 {[%emt 0:00:20]} 29. h4 {[%emt 0:01:36]} h6 {[%emt 0:
00:45]} 30. hxg5 {[%emt 0:01:21]} hxg5 {[%emt 0:01:14]} 31. Rd1 {[%emt 0:01:10]
} Kf8 {[%emt 0:01:25]} 32. Kf1 {[%emt 0:00:20]} a5 {[%emt 0:01:39]} 33. a4 {
[%emt 0:00:26]} b4 {[%emt 0:01:12]} 34. Rd5 {[%emt 0:00:48]} Ng4 {[%emt 0:01:
33]} 35. Rxg5 {[%emt 0:00:38]} Nxh2+ {[%emt 0:01:48]} 36. Kg1 {[%emt 0:00:28]}
Bf6 {[%emt 0:01:49]} 37. Rg6 {[%emt 0:00:17]} Ke7 {[%emt 0:02:04]} 38. Kxh2 {
[%emt 0:00:33]} Rh8+ {[%emt 0:02:20]} 39. Kg1 {[%emt 0:01:01]} Rh4 {[%emt 0:00:
48]} 40. Rg8 {[%emt 0:00:34]} Rc5 {[%emt 0:00:21]} 41. Ra8 {[%emt 0:27:18]}
Rch5 {[%emt 0:21:54]} 42. Ra7+ {[%emt 0:23:18]} Ke8 {[%emt 0:22:06]} 43. Kf1 {
[%emt 0:23:04]} Re5 {[%emt 0:15:02]} 44. Rxe5 {[%emt 0:20:50]} Bxe5 {[%emt 0:
15:30]} 45. Rxa5 {[%emt 0:20:43]} Bd6 {[%emt 0:15:41]} 46. Ra8+ {[%emt 0:20:41]
} Ke7 {[%emt 0:15:54]} 47. a5 {[%emt 0:16:08]} Rh1+ {[%emt 0:15:52]} 48. Ke2 {
[%emt 0:16:37]} Ra1 {[%emt 0:15:13]} 49. Ra7+ {[%emt 0:15:13]} Ke8 {[%emt 0:16:
35]} 50. Kd3 {[%emt 0:14:04]} Bc5 {[%emt 0:14:54]} 51. Ra8+ {[%emt 0:13:12]}
Ke7 {[%emt 0:15:11]} 52. f3 {[%emt 0:09:17]} Kf6 {[%emt 0:10:30]} 53. Kc4 {
[%emt 0:08:51]} Be7 {[%emt 0:08:35]} 54. Kb5 {[%emt 0:07:59]} Re1 {[%emt 0:07:
41]} 55. a6 {[%emt 0:07:41]} Re5+ {[%emt 0:07:14]} 56. Kb6 {[%emt 0:06:34]}
Bc5+ {[%emt 0:07:29]} 57. Kc6 {[%emt 0:06:06]} Be3 {[%emt 0:05:58]} 58. Rf8+ {
[%emt 0:04:22]} Kg6 {[%emt 0:06:09]} 59. Bd5 {[%emt 0:04:15]} Kg7 {[%emt 0:05:
28]} 60. Rf7+ {[%emt 0:04:30]} Kg6 {[%emt 0:05:49]} 61. a7 {[%emt 0:04:20]} 1-0